Numéros 10 des clubs de Ligue 1 (2024-2025) - Statistiques

Statistiques générales
  • Ce quiz a été pris 228 fois
  • Le résultat moyen est 9 sur 18
Statistiques - réponses
Club Joueur Nationalité % Correct
Paris Saint-Germain Ousmane Dembélé Français
95%
Olympique de Marseille Mason Greenwood Anglais
90%
AS Monaco Aleksandr Golovin Russe
88%
Olympique Lyonnais Alexandre Lacazette Français
77%
Montpellier Wahbi Khazri Tunisien
72%
LOSC Rémy Cabella Français
70%
Stade de Reims Teddy Teuma Maltais
59%
RC Lens David Pereira Da Costa Portugais
55%
RC Strasbourg Emanuel Emegha Néerlandais
47%
Stade Brestois Romain Del Castillo Français
43%
FC Nantes Tino Kadewere Zimbabwéen
40%
Stade Rennais Amine Gouiri Français
37%
OGC Nice Sofiane Diop Français
31%
AJ Auxerre Gaëtan Perrin Français
26%
Angers SCO Himad Abdelli Français
25%
Toulouse Yann Gboho Français
23%
AS Saint-Etienne Florian Tardieu Français
19%
Le Havre Josué Casimir Français
8%
Aucun quiz correspondant
Distribution des résultats
% des personnes avec chaque résultat
Percentile par nombre de réponses
Votre historique - résultats
Vous n’avez pas pris ce quiz